000 00340nam a2200133Ia 4500
008 240624s9999 xx 000 0 und d
041 _aeng
082 _a339 RAN
100 _aRANGARAJAN
245 _aPRINCIPLES OF MACROECONOMICS
260 _c1979
_aNew Delhi
_bTata McGraw- Hill
300 _axi, : 223 : p. : cm. ; 25
365 _cRS
_b36
999 _c10563
_d10563